Ruler Of My Heart Lyrics (English) (Alien Stage Luka Mizi) - Statistics

General Stats
  • This quiz has been taken 9 times
  • The average score is 123 of 172
Answer Stats
Lyrics % Correct
Heart
100%
My
100%
Of
100%
Ruler
100%
A
86%
Me
86%
Savior
86%
You
86%
Go
71%
God
71%
I
71%
Make
71%
The
71%
Your
71%
And
57%
Are
57%
Beautiful
57%
Can
57%
Everything
57%
When
57%
Believe
43%
Don't
43%
Give
43%
In
43%
It
43%
Lady
43%
Liar
43%
Light
43%
No
43%
Our
43%
With
43%
You're
43%
All
29%
Away
29%
Blind
29%
Breaking
29%
Collapsing
29%
Darkness
29%
Deaf
29%
Down
29%
Even
29%
Eyes
29%
Fall
29%
Forever
29%
Let
29%
Moment
29%
Outburn
29%
Overlap
29%
Perfect
29%
Sad
29%
Single
29%
Soul
29%
Star
29%
Subject
29%
Sun
29%
Take
29%
Walls
29%
Whole
29%
World
29%
Endless
14%
From
14%
Ground
14%
Turn
14%
No matching quizzes found
Score Distribution
Percent of People with Each Score
Percentile by Number Answered
Your Score History
You have not taken this quiz